Life and times of a pakistan citizen (Record no. 569144)
[ view plain ]
| 000 -LEADER | |
|---|---|
| fixed length control field | 00453nam a22001817a 4500 |
| 003 - CONTROL NUMBER IDENTIFIER | |
| control field | CEME |
| 005 - DATE AND TIME OF LATEST TRANSACTION | |
| control field | 20210628202252.0 |
| 008 - FIXED-LENGTH DATA ELEMENTS--GENERAL INFORMATION | |
| fixed length control field | 210301b xxu||||| |||| 00| 0 eng d |
| 020 ## - INTERNATIONAL STANDARD BOOK NUMBER | |
| International Standard Book Number | 969-0-01689-X |
| 040 ## - CATALOGING SOURCE | |
| Transcribing agency | . |
| 082 ## - DEWEY DECIMAL CLASSIFICATION NUMBER | |
| Classification number | 301.95491 ASL |
| 100 ## - MAIN ENTRY--PERSONAL NAME | |
| Personal name | Aslam Siddiqui |
| 9 (RLIN) | 59089 |
| 245 ## - TITLE STATEMENT | |
| Title | Life and times of a pakistan citizen |
| 260 ## - PUBLICATION, DISTRIBUTION, ETC. | |
| Name of publisher, distributor, etc. | FEROZ SONS |
| 300 ## - PHYSICAL DESCRIPTION | |
| Extent | 303P |
| 650 ## - SUBJECT ADDED ENTRY--TOPICAL TERM | |
| Topical term or geographic name entry element | PAKISTANI CITIZEN LIFE AND TIMES |
| 9 (RLIN) | 59090 |
| 942 ## - ADDED ENTRY ELEMENTS (KOHA) | |
| Koha item type | Book |
| Source of classification or shelving scheme | |
| Withdrawn status | Lost status | Damaged status | Not for loan | Permanent Location | Current Location | Shelving location | Date acquired | Total Checkouts | Full call number | Barcode | Date last seen | Price effective from | Koha item type |
|---|---|---|---|---|---|---|---|---|---|---|---|---|---|
| College of Electrical & Mechanical Engineering (CEME) | College of Electrical & Mechanical Engineering (CEME) | General Stacks | 07/18/2017 | 301.95491 ASL | CEME-35814 | 06/28/2021 | 06/28/2021 | Book |
